Urban Ecology: An Introduction - Second Edition /

Gespeichert in:
Bibliographische Detailangaben
Hauptverfasser: James, Philip (Verfasst von), Douglas, Ian (Verfasst von)
Format: Buch
Sprache:Englisch
Veröffentlicht: New York: Routledge, 2024
Ausgabe:2. vyd.
Tags: Tag hinzufügen
Keine Tags, Fügen Sie das erste Tag hinzu!

MARC

LEADER 00000nam a22000003a 4500
001 0116932
003 SK-STU
005 20250903093508.7
007 ta
008 250903s ----xo-----e------000-0-----d
020 |a 978-1-03-228100-1 
040 |a STU  |b slo 
041 0 |a eng  |h eng 
044 |a xxu 
100 1 |a James, Philip  |4 aut 
245 1 0 |a Urban Ecology:  |b An Introduction - Second Edition /  |c aut. Philip James, Ian Douglas 
250 |a 2. vyd. 
260 |a New York:  |b Routledge,  |c 2024 
300 |a 529 s. 
700 1 |a Douglas, Ian  |4 aut 
996 |b 284V038292  |c V* 53745/O-24815  |l VVT  |s P  |a 0  |w 0116932_0001